Playoff Disappointments Quiz Stats

 Plays Quiz Updated Jun 18, 2018

Challenge
Share
Tweet
Embed
Score 0/22 Timer 03:00
5 Plays Today
Year/Record Team % Correct
NFLNew England Patriots (Lost SB XLII)
97.3%
NBAGolden State Warriors (Lost NBA Finals)
89.2%
NFLCarolina Panthers (Lost SB 50)
74.9%
NBASan Antonio Spurs (Lost Conf. Semi-Finals)
72.5%
NFLGreen Bay Packers (Lost Div. Round)
70.1%
MLBChicago Cubs (Lost World Series)
67.8%
NBABoston Celtics (Lost Conf. Finals)
66.9%
NFLChicago Bears (Lost 1934 NFL Champ.)
62.1%
NFLChicago Bears (Lost 1942 NFL Champ.)
62.1%
MLBSeattle Mariners (Lost ALCS)
60.6%
NFLPittsburgh Steelers (Lost AFC Champ.)
56.1%
Year/Record Team % Correct
NHLDetroit Red Wings (Lost Conf. Finals)
52.9%
NHLDetroit Red Wings (Lost Quarterfinals)
52.9%
NFLMinnesota Vikings (Lost NFC Champ.)
52.6%
NHLMontreal Canadiens (Lost Semifinals)
49.5%
MLBCleveland Indians (Lost World Series)
49.2%
MLBCleveland Indians (Lost World Series)
49.2%
NHLBoston Bruins (Lost Quarterfinals)
46.7%
NBADallas Mavericks (Lost 1st Round)
45%
NHLPittsburgh Penguins (Lost Conf. Finals)
36.8%
MLBPhiladelphia Athletics (Lost World Series)
34.2%
NBAWashington Capitols (Lost Semi-Finals)
13.3%

You're not logged in!

Compare scores with friends on all Sporcle quizzes.
OR
Log In

You Might Also Like...

Show Comments

Extras

Top Quizzes Today


Score Distribution

Your Account Isn't Verified!

In order to create a playlist on Sporcle, you need to verify the email address you used during registration. Go to your Sporcle Settings to finish the process.

Report this User

Report this user for behavior that violates our Community Guidelines.

Details: